Регионална библиотека "Любен Каравелов" - Русе

ЖЕРАВНА (Запис номер 345007)

MARC детайли
000 -Лидер
Контролно поле с фиксирана дължина 00874nas a2200253 a 4500
003 - Код на организацията, давaща контролен номер
Контролно поле BLK
005 - Дата и час на последна редакция
Контролно поле 20230404152415.0
008 - Елементи от данни с фиксирана дължина
fixed length control field 190915d |||p| |||| 00| c|bul d
010 ## - Наследен системен номер
LC control number 000046
040 ## - Източник на каталожния запис
Идентификатор на билиотеката - собственик на записа BLK
041 ## - Код за език
Код за езика на текст/звукозапис или на отделно заглавие Български
Код за езика КДБФ Български
080 ## - УДК
УДК - код + определител 008(05)32(05)949.72(05)
245 00 - Сведения за заглавието
Заглавие ЖЕРАВНА
Том 1
Редно поле (дума) урежда К-т
246 ## - Различни форми на заглавието
Паралелно заглавие Списание за култура, стопанство и история
260 ## - Област на издателските данни
Място на издаване, разпространение и проч. София
Име на издателя, разпространителя и проч. К-т
Година на издаване 1941
Печатница София : Книпеграф
Дата на отпечатване 1941
490 ## - СЕРИИ (Колекции)
Име на серия Частна колекция - Академик Михаил Арнаудов
Бележки за серията Дарение - Основен фонд
650 ## - Допълнително описание по предмет – тема
Основно описание – тема или топоним История
9 (RLIN) 400709
650 ## - Допълнително описание по предмет – тема
Основно описание – тема или топоним Политика
9 (RLIN) 166818
650 ## - Допълнително описание по предмет – тема
Основно описание – тема или топоним Културология
9 (RLIN) 400309
650 #4 - Допълнително описание по предмет – тема
Основно описание – тема или топоним български печат
9 (RLIN) 400710
700 1# - Други автори (авторска отговорност)
Лично име Цонко Цонков
9 (RLIN) 400711
852 ## - Местоположение
Форматна сигнатура МА 4691
856 ## - Електронен адрес и достъп
Инструкция (цена за достъп) 0.00
Права за достъп disable
999 ## - СИСТЕМНИ КОНТРОЛНИ НОМЕРА
Koha biblionumber 345007
Koha biblioitemnumber 345007
942 ## - АРТИКУЛИ
Вид на библиотечния материал Списания
Скрит в OPAC Не
Периодичен библиозапис Да
999 ## - СИСТЕМНИ КОНТРОЛНИ НОМЕРА
Koha biblioitemnumber 345007
999 ## - СИСТЕМНИ КОНТРОЛНИ НОМЕРА
Koha biblioitemnumber 345007
999 ## - СИСТЕМНИ КОНТРОЛНИ НОМЕРА
Koha biblioitemnumber 345007
Наличности
Код за отписване Код за изгубен артикул Източник на класификационната схема Код за повреда Коз за рестрикции Код за отдаване Артикулен № Име на библиотеката - собственик Име на библиотеката, в която се намира в момента Статус (Текущо местоположение) Дата на вписване в системата Местоположение - отдел Цена в лева Инвентарен номер Систематично азбучна сигнатура Баркод Цена в евро Служебен тип на артикула
  Не е изгубен Universal Decimal Classification Не е повреден само за читалня ползва се в читалня 747573 Регионална библиотека "Любен Каравелов" Русе Регионална библиотека "Любен Каравелов" Русе Фонд "Михаил Арнаудов" 2019-10-17 Фонд "Михаил Арнаудов" 5.00 704254 МА 4691 130000704254 2.56 Списания
Vip Innovations Ltd, Rousse, Bulgaria 2025